Nostalgic journeys : from the Orient Express to ocean liners = Zeitreisen : zwischen Orient-Express und Ozeandampfer /

Off to the coast or to the mountains, to a neighboring country or to another continent? In bygone days, there was no such choice, because virtually everything was far away and inaccessible. It was not until the invention of the railroad that this changed. Fishing villages became sophisticated seasid...

Full description

Bibliographic Details
Main Author: Bitterle, Stefan (Author)
Format: Book
Language:English
German
Language Notes:Text in German and English.
Published: Augsburg, Germany : teNeues Media GmbH & Co., [2022].
Subjects:

MARC

Tag First Indicator Second Indicator Subfields
LEADER 00000cam a2200000Ii 4500
001 in00004589577
003 OCoLC
005 20220811155411.1
008 211012t20222017gw a 000 0 eng d
035 |a (OCoLC)1274201225 
040 |a YDX  |e rda  |c YDX  |d BDX  |d UVV 
020 |a 3961713812  |q hardcover 
020 |a 9783961713813  |q hardcover 
041 0 |a eng  |a ger 
050 4 |a G156  |b .B58 2022 
082 0 |a 910.9  |2 23 
100 1 |a Bitterle, Stefan,  |e author. 
245 1 0 |a Nostalgic journeys :  |b from the Orient Express to ocean liners = Zeitreisen : zwischen Orient-Express und Ozeandampfer /  |c Stefan Bitterle. 
264 1 |a Augsburg, Germany :  |b teNeues Media GmbH & Co.,  |c [2022]. 
264 4 |c ©2017. 
300 |a 223 pages :  |b illustrations (some color) ;  |c 31 cm. 
336 |a text  |b txt  |2 rdacontent 
336 |a still image  |b sti  |2 rdacontent 
337 |a unmediated  |b n  |2 rdamedia 
338 |a volume  |b nc  |2 rdacarrier 
546 |a Text in German and English. 
500 |a First published in 2017. 
520 |a Off to the coast or to the mountains, to a neighboring country or to another continent? In bygone days, there was no such choice, because virtually everything was far away and inaccessible. It was not until the invention of the railroad that this changed. Fishing villages became sophisticated seaside resorts, remote mountain areas became destinations for hiking and skiing enthusiasts and inns became grand hotels. This book takes you back to exciting times, back when traveling meant discovering the world in a stylish and sometimes adventurous fashion. Ride the Orient Express to the Far East, cross the Atlantic on huge ocean liners, travel Route 66 through the United States and break the sound barrier aboard the Concorde. Bon Voyage! 
650 0 |a Travel  |x History  |v Pictorial works. 
650 0 |a Voyages and travels  |x History  |v Pictorial works. 
945 |b 384315 
947 |a A14851589698 
948 |a dmitchel 8/11/22 10.50.40 
980 |b print  |c 40031196815  |f NONFIC/B  |g 565714  |k USD  |m 52.65  |q 1  |s AcqMono Conventional  |t Approval plan  |u Vendor order reference number  |v ZYBP  |y Print approval  |z Physical resource 
999 f f |i 954109cd-1ca7-4301-b780-50d90b0ba0a3  |s b6867831-a7c8-4784-8c41-d06a9f058009  |t 0 
952 f f |p normal  |a Texas A&M University  |b College Station  |c Sterling C. Evans Library  |s Evans stk  |d Evans: Library Stacks  |t 0  |e G156 .B58 2022  |h Library of Congress classification  |i unmediated -- volume  |m A14851589698